00000000nam 2200000za 4500
0019.822333
003CaOODSP
00520250130144554
007cr |||||||||||
008160809s2014    oncao|| o    f000 0 orm d
040 |aCaOODSP|beng
043 |an-cn---
0861 |aCi44-19/2014Orm-PDF
24500|a[Privately Sponsored Refugee resettlement in Canada |h[electronic resource] : |binformation bulletin].
24614|iCover title: |aBaqataa dhuunffatti deemu (gargaaramu), quubsuma baqatootaaf Kanaadaan :|bqajelfama
250 |a[Oromo edition].
260 |a[Ottawa] : |bCitizenship and Immigration Canada, |c2014.
300 |a8 p. : |bcol. ill.
500 |a"Oromo."
500 |a"PSR."
500 |aSupplied title from publisher. Cover title: Baqataa dhuunffatti deemu (gargaaramu), quubsuma baqatootaaf Kanaadaan : qajelfama.
500 |aIssued also in French, Amharic, Arabic, Dari, Farsi, Nepali, Somali, Spanish, Swahili and Tigrinya.
500 |aIssued also in English under title: Privately Sponsored Refugee resettlement in Canada: information bulletin.
5200 |aThis bulletin, written in Oromo, provides information about the steps in the resettlement process once a Privately Sponsored Refugee (PSR) has been accepted, and gives more information about Canada. Includes information on resettling the family, immigration status, where to live in Canada, Canadian society, sponsoring the family, finding a job, expenses, school, dental care, food and water, religion, and weather.
546 |aText in Oromo.
69207|2gccst|aRefugees
69207|2gccst|aImmigrants
69207|2gccst|aFederal programs
7101 |aCanada. |bCitizenship and Immigration Canada.
77508|tPrivately Sponsored Refugee resettlement in Canada |w(CaOODSP)9.822304
792 |t[Réfugiés parrainés par le secteur privé, réinstallation des réfugiés au Canada |efre|w(CaOODSP)9.822337
794 |t[Privately Sponsored Refugee Program] : |b2019|w(CaOODSP)9.880371
85640|qPDF|s1.20 MB|uhttps://publications.gc.ca/collections/collection_2016/ircc/Ci44-19-2014-orm.pdf